000 00401nam a2200145Ia 4500
008 231129s2003||||xx |||||||||||||| ||spa||
020 _a958-04-7081-2
040 _bspa
082 _a(i) A863 B619u
100 _aBirmajer Marcelo
245 0 _aUna vida más: noticias extrañas IV
260 _c2003
264 _aBogotá Colombia : Norma
942 _2ddc
_cBKS
999 _c26034
_d26034